Rozhlas a televízia v národnostne zmiešaných okresoch Slovenska

Bibliographic Details
Main Author: Uramová, Daniela (Author)
Format: Article
Language:Slovak
PhysicalDescription:Tab. 4
ISSN:0322-7049
Subjects:

MARC

LEADER 00000nab a2200000 a 4500
001 vtls000590102
003 SK-MaSNL
005 20260304214111.0
008 250425c1996 xo 0 slo
015 |a SNBRB19rr/mm-uuuuu 
035 |a CL0590241 
035 |a urn:nbn:sk:snk-abfcf 
035 |a (urnnbn)urn:nbn:sk:snk:ar-a03gs9 
035 |a (uuid)a909d1a5-4180-4d09-91b5-b7f94eece743 
040 |a SNKBUCL  |b slo  |c SNKBUCL  |e AACR2 
041 0 |a slo 
044 |a xo  |c SK 
080 |a 659.3.001.5(437.6):323.15(437.6=945.11)  |2 1981 
080 |a 323.15(437.6=945.11)  |2 1981 
080 |a 654.17/.19.001.5(437.6)  |2 1981 
080 |a 7.097  |2 1981 
100 1 |a Uramová, Daniela  |4 aut  |9 1353265 
245 1 0 |a Rozhlas a televízia v národnostne zmiešaných okresoch Slovenska  |c Daniela Uramová 
300 |b Tab. 4 
650 0 7 |a územia národnostne zmiešané  |2 snkbucl  |9 899827 
650 0 7 |a masmédiá  |2 snkbucl  |9 1418 
651 7 |a Slovensko južné  |2 snkbucl  |9 161138 
655 7 |a články z novín a časopisov  |2 snkbucl  |9 267496 
773 0 |t Otázky žurnalistiky  |g Roč. 39, č. 1 (1996), s. 70-73  |x 0322-7049 
850 |a Slovenská národná knižnica 
852 |a Slovenská národná knižnica 
954 |a odborná, vedecká literatúra pôvodná (slovenská)  |2 lita 
958 |a article27 
958 |a RK 
958 |a SK 
958 |a OND 
958 |a EUIPO 
992 |a RBX 
999 |c 3139463  |d 3141393